| 000 | 01317cab a2200361 4500 | ||
|---|---|---|---|
| 001 | ABS59101 | ||
| 008 | 090401t1998 xxu||||| |||| 00| 0 eng d | ||
| 035 | _a(Sirsi) u87651 | ||
| 041 | _aeng | ||
| 100 | _aLewsley, C. | ||
| 245 | _aContractors basis progress | ||
| 260 | _c1998 | ||
| 350 | _a0 | ||
| 490 |
_aRating & Valuation Reporter _v38(6) June 1998, 129-131(3) |
||
| 520 | _aConsiders the fundamental aspects of the contractors basis of valuation for rating, namely the tenant`s alternative and interest foregone as a ceiling on rateable value, in the context of the case of "Monsanto plc v Farris". Discusses the established five stage method and, the issues of grants and allowances. | ||
| 650 | _aALLOWANCES | ||
| 650 | _aCARDIFF CC V WILLIAMS VO | ||
| 650 | _aCONTRACTORS BASIS | ||
| 650 | _aDAWKINS (VO) V LEAMINGTON SPA CORPORATION AND ANOTHER | ||
| 650 | _aESTIMATED REPLACEMENT COST | ||
| 650 | _aFIVE STAGE METHOD | ||
| 650 | _aGRANTS | ||
| 650 | _aIMPERIAL COLLEGE OF SCIENCE AND TECHNOLOGY V EBDON VO | ||
| 650 | _aINTEREST FOREGONE | ||
| 650 | _aMONSANTO PLC V FARRIS | ||
| 650 | _aRATING | ||
| 650 | _aTENANT`S ALTERNATIVE | ||
| 650 |
_aValuation _96273 |
||
| 650 | _aWILLACRE LTD V BOND VO | ||
| 690 | _aRATING AND VALUATION | ||
| 942 | _n0 | ||
| 948 | _c24/07/1998 | ||
| 999 |
_c55301 _d55301 |
||